[Event "Hennef op 20th"]
[Site "Hennef"]
[Date "2006.11.22"]
[Round "3"]
[White "Maassen, Hermann"]
[Black "Sonntag, Sebastian"]
[Result "1-0"]
[WhiteElo "1597"]
[BlackElo "1187"]
[PlyCount "51"]
[EventDate "2006.11.08"]
[EventType "swiss"]
[EventRounds "7"]
[EventCountry "GER"]
[SourceTitle "EXT 2009"]
[Source "ChessBase"]
[SourceDate "2008.11.26"]
[SourceVersion "1"]
[SourceVersionDate "2008.11.26"]
[SourceQuality "1"]
[BlackTeam "Germany"]
[BlackTeamCountry "GER"]

1. e4 e5 2. Nf3 Nc6 3. Bb5 Bc5 4. 0-0 a6 5. Bxc6 dxc6 6. Nxe5 Nf6 7. d3 0-0 8. c3 Re8 9. Nf3 Ng4 10. d4 Bb6 11. h3 Nf6 12. e5 Nd5 13. Bg5 f6 14. exf6 Nxf6 15. Nbd2 c5 16. Nc4 Ba7 17. Bxf6 Qxf6 18. d5 c6 19. dxc6 Qxc6 20. Re1 Be6 21. Nce5 Qc8 22. Ng5 Bf5 23. Qd5+ Be6 24. Nxe6 Rxe6 25. Nd7 Kf7 26. Qxe6# 1-0